| 000 | 00500cam a2200169ua 4500 | ||
|---|---|---|---|
| 001 | 11284 | ||
| 008 | 190906n ii |||gr||||Z||||||asm | ||
| 040 | _cMAIN | ||
| 082 | _a398.0954162 | ||
| 100 |
_aSukdev Adikari., _eAuthor. |
||
| 245 |
_aChah janagosthir Lokageet, Loka Prampara aru Utsavar ruprekha _cBy Sukdev Adikari |
||
| 250 | _a1st ed. | ||
| 260 |
_aGuwahati: _bSaraswati D.N Publication, _c2015. |
||
| 653 | _aFolklore | ||
| 653 | _aFolk tradition of tea communities of Assam | ||
| 942 | _cBK | ||
| 999 |
_c10139 _d10139 |
||